Valuation of quarry land for purposes of government land alienation

Bibliographic Details
Main Author: Choo Ah Sit
Corporate Author: INSPEN
Format: Book
Subjects:
Online Access:http://app.inspen.gov.my:7779/pls/portal/docs/PAGE/CORPORATEPAGES/PORTAL_INSPEN/LAPORAN_PENYELIDIKAN_DI_PERPUSTAKAAN/IU.PDF

MARC

LEADER 00000cam a2200000 7i4500
001 0000007482
005 20071030.0
040 |a INS 
090 0 0 |a RESEARCH 153 
100 0 |a Choo Ah Sit 
245 1 0 |a Valuation of quarry land for purposes of government land alienation   |c prepared by Choo Ah Sit 
300 |c 30cm. 
500 |a Digital document is available on-line; Please click the URL below 
650 0 0 |a Alienation of land 
650 0 0 |a Quarries and quarrying   |x Valuation 
650 0 0 |a Quarry land   |x Valuation 
710 2 |a INSPEN 
856 |u http://app.inspen.gov.my:7779/pls/portal/docs/PAGE/CORPORATEPAGES/PORTAL_INSPEN/LAPORAN_PENYELIDIKAN_DI_PERPUSTAKAAN/IU.PDF 
999 |a RES0000228   |b BOOK   |c Research By JPPH Staff   |e Default branch 
999 |a RES0000456   |b BOOK   |c Research By JPPH Staff   |e Default branch